30 degrés méridiens de l'ouest des pays - Statistiques

Statistiques générales
  • Ce quiz a été pris 19 fois
  • Le résultat moyen est 16 sur 20
Statistiques - réponses
degrés pays % Correct
12.93° Mauritanie
94%
1.09° Portugal
94%
12.90° Sahara occidental
94%
12.46° Sénégal
94%
4.62° Cabo Verde
88%
11.83° Espagne
88%
13.18° Gambie
88%
19.52° Irlande
88%
5.43° Islande
88%
18.50° Liberia
88%
17.76° Mali
88%
21.82° Royaume-Uni
88%
16.68° Sierra Leone
88%
21.32° Algérie
82%
14.91° Guinée
76%
13.30° Guinée-Bissau
76%
21.39° Côte d'Ivoire
65%
4.82° Brésil
59%
Groenland
47%
22.31° Îles Féroé
29%
Aucun quiz correspondant
Distribution des résultats
% des personnes avec chaque résultat
Percentile par nombre de réponses
Votre historique - résultats
Vous n’avez pas pris ce quiz